| 000 | 00793nam a2200229 a 4500 | ||
|---|---|---|---|
| 001 | 56423 | ||
| 003 | BD-RjUL | ||
| 005 | 20211209080407.0 | ||
| 008 | 161129s1963 bg ||||| |||| 00| 0 ben d | ||
| 020 | _c: TK 2.00 | ||
| 035 | _a(BD-RjUL)56547 | ||
| 040 |
_aBD-RjUL _bben _cBD-RjUL |
||
| 041 | _aben | ||
| 082 |
_223 _a891.442 _bRAE 1963 |
||
| 100 |
_aরহমান, এস. এম. হাবীবুর _9167836 |
||
| 245 | 1 | 0 |
_aএই তো সমাজ / _cএস. এম. হাবীবুর রহমান |
| 260 |
_aঢাকা : _bপূর্বাচল প্রকাশনী, _c১৯৬৩ |
||
| 300 |
_a১০২ পৃ. ; _c১৭ সেমি . |
||
| 650 |
_aবাংলা নাটক _9167837 |
||
| 650 |
_aBengali Drama _9167838 |
||
| 942 |
_2ddc _cBK |
||
| 999 |
_c56423 _d56423 |
||